[Event "Budapest Art Pub Cup 4th"]
[Site "Budapest"]
[Date "2014.04.20"]
[Round "6"]
[White "Katona, Gergo"]
[Black "Bege, Vencel"]
[Result "0-1"]
[WhiteElo "1625"]
[BlackElo "1819"]
[PlyCount "42"]
[EventDate "2014.04.16"]
[EventType "swiss"]
[EventRounds "7"]
[EventCountry "HUN"]
[SourceTitle "EXT 2015"]
[Source "ChessBase"]
[SourceDate "2014.11.20"]
[SourceVersion "1"]
[SourceVersionDate "2014.11.20"]
[SourceQuality "1"]

1. e4 c5 2. Nf3 Nc6 3. d4 cxd4 4. Nxd4 g6 5. Be3 Bg7 6. c3 Nf6 7. Nd2 0-0 8. Qc2 Ng4 9. Nxc6 bxc6 10. Bf4 d5 11. h3 Nf6 12. Bd3 Nd7 13. Nf3 Nc5 14. Ne5 Qd6 15. b4 Nxe4 16. Nxg6 Qxg6 17. f3 Qf6 18. 0-0 Nd6 19. Bxd6 Qxd6 20. Bxh7+ Kh8 21. f4 f5 0-1

[Event "Budapest Art Pub Cup 4th"]
[Site "Budapest"]
[Date "2014.04.19"]
[Round "5"]
[White "Katona, Gergo"]
[Black "Yip, Michael"]
[Result "0-1"]
[WhiteElo "1625"]
[BlackElo "1964"]
[PlyCount "100"]
[EventDate "2014.04.16"]
[EventType "swiss"]
[EventRounds "7"]
[EventCountry "HUN"]
[SourceTitle "EXT 2015"]
[Source "ChessBase"]
[SourceDate "2014.11.20"]
[SourceVersion "1"]
[SourceVersionDate "2014.11.20"]
[SourceQuality "1"]

1. e4 Nf6 2. e5 Nd5 3. c4 Nb6 4. d4 d6 5. Nf3 dxe5 6. Nxe5 N8d7 7. Nf3 Nf6 8. Be2 c6 9. Nc3 g6 10. Qc2 Bg7 11. h3 0-0 12. Be3 Bf5 13. Qd2 Ne4 14. Nxe4 Bxe4 15. Rc1 Bxf3 16. Bxf3 e6 17. b3 Re8 18. 0-0 Qd7 19. Rcd1 Rad8 20. d5 exd5 21. Bxb6 axb6 22. cxd5 Re5 23. Rfe1 Rxe1+ 24. Qxe1 c5 25. Qe2 Bf8 26. Qe5 Bd6 27. Qf6 Re8 28. Bg4 Qc7 29. Kf1 b5 30. Be2 b4 31. Bb5 Rd8 32. Re1 Bf8 33. Rd1 Rd6 34. Qf3 Bg7 35. Re1 Bd4 36. Re8+ Kg7 37. Qg3 Qb6 38. Bc4 Rf6 39. f3 h5 40. Qb8 Rd6 41. Re7 Rf6 42. d6 Qxd6 43. Rxf7+ Kh6 44. Qxb7 Qg3 45. Rh7+ Kg5 46. Qd5+ Rf5 47. Qd8+ Kf4 48. Qd6+ Re5 49. Qf8+ Ke3 50. Qh6+ g5 0-1

[Event "HUN-chT2 Asztalos 1314"]
[Site "Hungary"]
[Date "2014.03.23"]
[Round "7"]
[White "Galambos, Menyhert"]
[Black "Katona, Gergo"]
[Result "1-0"]
[WhiteElo "2026"]
[BlackElo "1630"]
[PlyCount "38"]
[EventDate "2013.09.08"]
[EventType "team-tourn"]
[EventRounds "9"]
[EventCountry "HUN"]
[SourceTitle "EXT 2016"]
[Source "ChessBase"]
[SourceDate "2015.10.08"]
[SourceVersion "1"]
[SourceVersionDate "2015.10.08"]
[SourceQuality "1"]
[WhiteTeam "Baja"]
[BlackTeam "Kiraly Sakk"]
[WhiteTeamCountry "HUN"]
[BlackTeamCountry "HUN"]

1. d4 d5 2. c4 e6 3. Nc3 f5 4. Nf3 Nf6 5. cxd5 exd5 6. Bg5 Be7 7. e3 0-0 8. Qb3 c6 9. Bd3 Kh8 10. h4 Ng4 11. Qc2 h6 12. Bf4 Bd6 13. Ne2 Bb4+ 14. Kf1 Be6 15. Ng3 Qc8 16. h5 Na6 17. Nh4 Kg8 18. Nhxf5 Nf6 19. a3 Ba5 1-0

[Event "Budapest Art Pub Cup 3rd"]
[Site "Budapest"]
[Date "2014.01.05"]
[Round "7"]
[White "Karacsonyi, Gellert"]
[Black "Katona, Gergo"]
[Result "1-0"]
[WhiteElo "1824"]
[BlackElo "1615"]
[PlyCount "117"]
[EventDate "2014.01.02"]
[EventType "swiss"]
[EventRounds "7"]
[EventCountry "HUN"]
[SourceTitle "CBM 158 Extra"]
[Source "ChessBase"]
[SourceDate "2014.02.28"]
[SourceVersion "1"]
[SourceVersionDate "2014.02.28"]
[SourceQuality "1"]

1. e4 e5 2. Nf3 Nc6 3. Bb5 a6 4. Bxc6 dxc6 5. 0-0 Bg4 6. h3 h5 7. d3 Bxf3 8. Qxf3 Qf6 9. Qxf6 Nxf6 10. Bg5 Be7 11. Nd2 Nd5 12. Bxe7 Nxe7 13. f4 exf4 14. Rxf4 Ng6 15. Rf2 f6 16. Nb3 0-0-0 17. a4 Nf8 18. Nc5 Rd6 19. Re1 Nd7 20. Nxd7 Kxd7 21. Rd2 Re8 22. Ree2 c5 23. c3 Kc8 24. b3 Red8 25. Re3 b5 26. axb5 axb5 27. Kf2 Ra6 28. d4 Ra3 29. b4 cxb4 30. cxb4 Ra4 31. Rb3 Ra6 32. Ke3 Rad6 33. Rc3 Kb7 34. Rc5 Kb6 35. Rxh5 Re8 36. Kf3 Rde6 37. Re2 c6 38. Rc5 Kb7 39. d5 Rd6 40. dxc6+ Rxc6 41. Rxb5+ Ka6 42. Rc5 Rb6 43. Rc7 g5 44. Rb2 Rbe6 45. Rc4 Kb5 46. Rbc2 R6e7 47. Rd4 Re5 48. Ra2 R5e6 49. Ra5+ Kb6 50. Rad5 Kc6 51. Rd8 Rxe4 52. Rxe4 Rxd8 53. Re6+ Kb5 54. Rxf6 Kxb4 55. Rf5 Kc4 56. Rxg5 Kd4 57. h4 Rf8+ 58. Kg4 Ke4 59. g3 1-0

[Event "Budapest Art Pub Cup 3rd"]
[Site "Budapest"]
[Date "2014.01.03"]
[Round "2"]
[White "Hegedus, Luca"]
[Black "Katona, Gergo"]
[Result "0-1"]
[WhiteElo "1245"]
[BlackElo "1615"]
[PlyCount "60"]
[EventDate "2014.01.02"]
[EventType "swiss"]
[EventRounds "7"]
[EventCountry "HUN"]
[SourceTitle "CBM 158 Extra"]
[Source "ChessBase"]
[SourceDate "2014.02.28"]
[SourceVersion "1"]
[SourceVersionDate "2014.02.28"]
[SourceQuality "1"]

1. Nf3 d5 2. d4 f5 3. e3 Nf6 4. b3 e6 5. Bb2 Nc6 6. Nc3 Be7 7. Bb5 Bd7 8. 0-0 0-0 9. Bxc6 Bxc6 10. Ne5 Be8 11. Nf3 Bh5 12. Qe2 Ne4 13. a3 Ng5 14. Qd1 c6 15. Nb1 Nxf3+ 16. gxf3 Bd6 17. Re1 Qh4 18. Kf1 Qh3+ 19. Ke2 Bxf3+ 20. Kd2 Bxd1 21. Kxd1 f4 22. exf4 Qf3+ 23. Kc1 Bxf4+ 24. Nd2 Qxf2 25. Rd1 Bxd2+ 26. Rxd2 Qe3 27. Kb1 Rf1+ 28. Ka2 Rxa1+ 29. Kxa1 Qxd2 30. Ka2 Rf8 0-1

[Event "Dunaujvaros op"]
[Site "Dunaujvaros"]
[Date "2013.10.13"]
[Round "5"]
[White "Katona, Gergo"]
[Black "Korosi, Eszter"]
[Result "1-0"]
[WhiteElo "1630"]
[BlackElo "1564"]
[PlyCount "65"]
[EventDate "2013.10.11"]
[EventType "swiss"]
[EventRounds "6"]
[EventCountry "HUN"]
[SourceTitle "EXT 2019"]
[Source "ChessBase"]
[SourceDate "2018.10.10"]
[SourceVersion "1"]
[SourceVersionDate "2018.10.10"]
[SourceQuality "1"]

1. e4 c5 2. Nf3 e6 3. d4 cxd4 4. Nxd4 a6 5. Nc3 Qc7 6. Bd2 Nf6 7. Qf3 Nc6 8. Nxc6 bxc6 9. Bd3 Bb7 10. Bf4 Qb6 11. Rb1 d5 12. 0-0 d4 13. Ne2 c5 14. c4 Bd6 15. Bxd6 Qxd6 16. Qg3 Qxg3 17. Nxg3 Ng4 18. b4 Kd7 19. bxc5 Bc6 20. Be2 Nf6 21. e5 Ne4 22. Nxe4 Bxe4 23. Rb6 Rhd8 24. f3 Bc6 25. Rfb1 Kc7 26. Bd3 h6 27. Kf2 Rdb8 28. Ke2 Rb7 29. Rxb7+ Bxb7 30. Rb6 Rd8 31. Bc2 a5 32. Kd3 Bc6 33. Ra6 1-0

[Event "Dunaujvaros op"]
[Site "Dunaujvaros"]
[Date "2013.10.12"]
[Round "3"]
[White "Katona, Gergo"]
[Black "Tar, Balazs"]
[Result "0-1"]
[WhiteElo "1630"]
[BlackElo "1452"]
[PlyCount "118"]
[EventDate "2013.10.11"]
[EventType "swiss"]
[EventRounds "6"]
[EventCountry "HUN"]
[SourceTitle "EXT 2019"]
[Source "ChessBase"]
[SourceDate "2018.10.10"]
[SourceVersion "1"]
[SourceVersionDate "2018.10.10"]
[SourceQuality "1"]

1. e4 e5 2. Nf3 Nf6 3. Nc3 Bb4 4. Nxe5 d6 5. Nf3 0-0 6. d3 Bg4 7. Be2 Bxc3+ 8. bxc3 Nc6 9. 0-0 d5 10. h3 Be6 11. e5 Nd7 12. d4 f6 13. exf6 Qxf6 14. Bd3 Rae8 15. Bg5 Qf7 16. Nh4 Nf6 17. Bxf6 Qxf6 18. Qh5 g6 19. Qh6 Re7 20. Rab1 Nd8 21. f4 Nf7 22. Qxh7+ Kxh7 23. Nxg6 Kg7 24. Nxe7 Qxe7 25. f5 Bxf5 26. Rxf5 Nd6 27. Re5 Qh4 28. Rbe1 Rf2 29. Re7+ Kf8 30. R7e3 Rf7 31. R1e2 Rg7 32. Rf3+ Kg8 33. Re5 Ne4 34. Re8+ Kh7 35. Kh2 Qg5 36. g4 Qd2+ 37. Kg1 Qe1+ 38. Kg2 Qd2+ 39. Kg1 Rg8 40. Re7+ Rg7 41. Re5 Qd1+ 42. Kg2 a5 43. Rxd5 Kh8 44. Rh5+ Rh7 45. Rxh7+ Kxh7 46. Bxe4+ Kg7 47. h4 Qe2+ 48. Kg3 Qxe4 49. g5 Qe1+ 50. Kg4 Qe4+ 51. Rf4 Qxc2 52. h5 Qg2+ 53. Kh4 Qxa2 54. h6+ Kg8 55. Rf6 Qh2+ 56. Kg4 a4 57. Rg6+ Kf8 58. Rg7 a3 59. Rxc7 Qxc7 0-1

[Event "Budapest Art Pub Cup 2nd"]
[Site "Budapest"]
[Date "2013.08.10"]
[Round "3"]
[White "Katona, Gergo"]
[Black "Molnar, Viktor"]
[Result "1-0"]
[WhiteElo "1632"]
[BlackElo "1836"]
[PlyCount "127"]
[EventDate "2013.08.09"]
[EventType "swiss"]
[EventRounds "6"]
[EventCountry "HUN"]
[SourceTitle "CBM 156 Extra"]
[Source "ChessBase"]
[SourceDate "2013.10.22"]
[SourceVersion "1"]
[SourceVersionDate "2013.10.22"]
[SourceQuality "1"]

1. e4 c5 2. Nf3 e6 3. d4 cxd4 4. Nxd4 Nf6 5. Bg5 Be7 6. Nc3 a6 7. Qd2 b5 8. e5 Nd5 9. Bxe7 Nxe7 10. Ne4 0-0 11. Bd3 Qc7 12. Nd6 f5 13. f4 Nbc6 14. Qc3 Nd5 15. Qc5 Nxf4 16. g3 Ng6 17. 0-0 Qa7 18. Qxa7 Rxa7 19. Nxc6 dxc6 20. Rae1 Ne7 21. g4 g6 22. gxf5 gxf5 23. c4 b4 24. Kf2 Ng6 25. Rg1 Kh8 26. c5 a5 27. Bc4 Re7 28. Kf3 Bd7 29. Re2 Rg7 30. Rg3 Nh4+ 31. Kf2 Rxg3 32. Kxg3 Ng6 33. Nb7 a4 34. Kf3 Kg7 35. Nd6 Kh6 36. Re1 Kg5 37. Bd3 Kh4 38. Bf1 Kg5 39. Nc4 Nh4+ 40. Kg3 f4+ 41. Kf2 Ng6 42. Rd1 Bc8 43. Rd6 Kf5 44. Bd3+ Kg4 45. Rxc6 f3 46. Nb6 Nxe5 47. h3+ Kf4 48. Rd6 Rg8 49. Rd4+ Kg5 50. Bf1 Bb7 51. Rxb4 Bc6 52. Nxa4 Kf5 53. Rd4 Rb8 54. b3 Rg8 55. Nc3 Bb7 56. Nd1 Nc6 57. Ne3+ Ke5 58. Rg4 Rd8 59. Nc4+ Kf5 60. Nd6+ Ke5 61. Nxb7 Rd2+ 62. Kxf3 Nd4+ 63. Ke3 Rc2 64. Rxd4 1-0

[Event "HUN-chT2 Asztalos 1213"]
[Site "Hungary"]
[Date "2013.04.21"]
[Round "9.8"]
[White "Katona, Gergo"]
[Black "Kiraly, Mate"]
[Result "0-1"]
[WhiteElo "1604"]
[BlackElo "1781"]
[PlyCount "100"]
[EventDate "2012.09.16"]
[EventType "team-tourn"]
[EventRounds "9"]
[EventCountry "HUN"]
[SourceTitle "EXT 2014"]
[Source "ChessBase"]
[SourceDate "2013.11.20"]
[SourceVersion "1"]
[SourceVersionDate "2013.11.20"]
[SourceQuality "1"]
[WhiteTeam "Dunaujvaros"]
[BlackTeam "Marcali"]
[WhiteTeamCountry "HUN"]
[BlackTeamCountry "HUN"]

1. e4 d6 2. d4 Nf6 3. Nc3 g6 4. Bf4 Bg7 5. Nf3 0-0 6. Qd2 c6 7. Bd3 b5 8. a3 Nbd7 9. 0-0 e5 10. dxe5 dxe5 11. Bh6 Qe7 12. Bxg7 Kxg7 13. b4 Nb6 14. Qg5 Re8 15. Rfd1 h6 16. Qd2 Bg4 17. Qe2 Nh5 18. h3 Nf4 19. Qe3 Bxf3 20. Qxf3 a5 21. Na2 Na4 22. Bf1 axb4 23. axb4 Ra7 24. Qb3 Ne6 25. c3 Nb6 26. Rd2 Qh4 27. Re1 Rea8 28. Qb1 Ng5 29. Kh1 Qf4 30. Rb2 Ra3 31. Nc1 Ra1 32. Qc2 Ne6 33. g3 Qg5 34. h4 Qf6 35. Nd3 Nc4 36. Rxa1 Rxa1 37. Rb1 Rxb1 38. Qxb1 Nd2 39. Qc1 Nxf1 40. Qxf1 Qf3+ 41. Kg1 Qxe4 42. f3 Qe3+ 43. Kh1 Nc7 44. Qe1 Qxe1+ 45. Nxe1 Nd5 46. Nd3 Kf6 47. g4 Nxc3 48. Kg2 Nd5 49. Kg3 Ke6 50. Kf2 f5 0-1

[Event "HUN-chT2 Asztalos 1213"]
[Site "Hungary"]
[Date "2012.12.02"]
[Round "5.10"]
[White "Katona, Gergo"]
[Black "Mausz, Antal"]
[Result "0-1"]
[WhiteElo "1630"]
[BlackElo "1792"]
[PlyCount "58"]
[EventDate "2012.09.16"]
[EventType "team-tourn"]
[EventRounds "9"]
[EventCountry "HUN"]
[SourceTitle "EXT 2014"]
[Source "ChessBase"]
[SourceDate "2013.11.20"]
[SourceVersion "1"]
[SourceVersionDate "2013.11.20"]
[SourceQuality "1"]
[WhiteTeam "Dunaujvaros"]
[BlackTeam "Mohacs"]
[WhiteTeamCountry "HUN"]
[BlackTeamCountry "HUN"]

1. e4 e5 2. Nf3 Nc6 3. Bb5 a6 4. Ba4 Nf6 5. 0-0 b5 6. Bb3 Be7 7. Re1 d6 8. d4 exd4 9. Nxd4 Nxd4 10. Qxd4 c5 11. Qc3 c4 12. Bxc4 bxc4 13. e5 dxe5 14. Qxe5 Be6 15. f4 Bd6 16. Qg5 0-0 17. Nc3 Bb4 18. f5 Bxc3 19. bxc3 Bd5 20. Re3 Ne4 21. Qg4 Re8 22. Rh3 Nf6 23. Qg3 Re4 24. Bg5 Qe7 25. Rd1 Bb7 26. Rd2 Re8 27. Bxf6 Qxf6 28. Rh5 Qb6+ 29. Kf1 Qb1+ 0-1

[Event "HUN-chT2 Asztalos 1213"]
[Site "Hungary"]
[Date "2012.09.16"]
[Round "1.8"]
[White "Juhasz, Zoltan"]
[Black "Katona, Gergo"]
[Result "1-0"]
[WhiteElo "1885"]
[BlackElo "1616"]
[PlyCount "67"]
[EventDate "2012.09.16"]
[EventType "team-tourn"]
[EventRounds "9"]
[EventCountry "HUN"]
[SourceTitle "EXT 2014"]
[Source "ChessBase"]
[SourceDate "2013.11.20"]
[SourceVersion "1"]
[SourceVersionDate "2013.11.20"]
[SourceQuality "1"]
[WhiteTeam "Pecs Karmin"]
[BlackTeam "Dunaujvaros"]
[WhiteTeamCountry "HUN"]
[BlackTeamCountry "HUN"]

1. e4 e5 2. Nf3 Nc6 3. Bc4 Bc5 4. c3 Nf6 5. d3 0-0 6. Bb3 d5 7. exd5 Nxd5 8. 0-0 Bf5 9. Nxe5 Nce7 10. d4 Bd6 11. Nf3 Nf4 12. c4 c6 13. Nc3 Neg6 14. Bc2 Qd7 15. Ne4 Bc7 16. Ng3 Bxc2 17. Qxc2 Qg4 18. Bxf4 Qxf4 19. Rfe1 Rfe8 20. Re4 Rxe4 21. Qxe4 Qxe4 22. Nxe4 Nf4 23. g3 Nd3 24. b3 Re8 25. Rd1 Nb2 26. Re1 Nd3 27. Nf6+ gxf6 28. Rxe8+ Kg7 29. a3 Nc1 30. b4 a5 31. Re7 Bd8 32. Rxb7 axb4 33. axb4 Nd3 34. Rd7 1-0